African Christian. (Record no. 44766)
[ view plain ]
| 000 -LEADER | |
|---|---|
| fixed length control field | 01162cas a2200337 a 4500 |
| 001 - CONTROL NUMBER | |
| control field | 11301256 |
| 003 - CONTROL NUMBER IDENTIFIER | |
| control field | OSt |
| 005 - DATE AND TIME OF LATEST TRANSACTION | |
| control field | 20150616161737.0 |
| 008 - FIXED-LENGTH DATA ELEMENTS--GENERAL INFORMATION | |
| fixed length control field | 830208d1981198uke wr p 0 a0eng c |
| 010 ## - LIBRARY OF CONGRESS CONTROL NUMBER | |
| LC control number | 85646257 |
| 035 ## - SYSTEM CONTROL NUMBER | |
| System control number | (OCoLC)ocm09202049 |
| 037 ## - SOURCE OF ACQUISITION | |
| Source of stock number/acquisition | P.O. Box 14205 |
| 040 ## - CATALOGING SOURCE | |
| Original cataloging agency | NNUT |
| Language of cataloging | eng |
| Transcribing agency | NNUT |
| Modifying agency | N |
| -- | DLC |
| -- | NST |
| -- | DLC |
| -- | NST |
| -- | OCoLC |
| 042 ## - AUTHENTICATION CODE | |
| Authentication code | pcc |
| 043 ## - GEOGRAPHIC AREA CODE | |
| Geographic area code | f------ |
| 050 00 - LIBRARY OF CONGRESS CALL NUMBER | |
| Classification number | BR1359 |
| Item number | .A37 |
| 245 00 - TITLE STATEMENT | |
| Title | African Christian. |
| 260 ## - PUBLICATION, DISTRIBUTION, ETC. (IMPRINT) | |
| Place of publication, distribution, etc | Nairobi, Kenya : |
| Name of publisher, distributor, etc | Africa Church Information Service |
| 300 ## - PHYSICAL DESCRIPTION | |
| Extent | v. : |
| Other physical details | ill. ; |
| Dimensions | 27 cm. |
| 310 ## - CURRENT PUBLICATION FREQUENCY | |
| Current publication frequency | Weekly |
| 362 1# - DATES OF PUBLICATION AND/OR SEQUENTIAL DESIGNATION | |
| Dates of publication and/or sequential designation | Began with issue for Mar. 16, 1981. |
| 515 ## - NUMBERING PECULIARITIES NOTE | |
| Numbering peculiarities note | Numbering irregular: issue for Apr. 27, 1981 called v. 1, no. 1; for May 4, 1981 called v. 1, no. 2. |
| 590 ## - LOCAL NOTE (RLIN) | |
| Local note | SERBIB/SERLOC merged record |
| 650 #0 - SUBJECT ADDED ENTRY--TOPICAL TERM | |
| Topical term or geographic name as entry element | Christianity |
| Geographic subdivision | Africa |
| Form subdivision | Periodicals. |
| 710 2# - ADDED ENTRY--CORPORATE NAME | |
| Corporate name or jurisdiction name as entry element | Africa Church Information Service. |
| 776 08 - ADDITIONAL PHYSICAL FORM ENTRY | |
| Display text | Online version: |
| Title | African Christian |
| Record control number | (OCoLC)707072220 |
| 785 00 - SUCCEEDING ENTRY | |
| Title | African observer (Nairobi, Kenya) |
| Record control number | (DLC)sn 92011067 |
| -- | (OCoLC)17943765 |
| 906 ## - LOCAL DATA ELEMENT F, LDF (RLIN) | |
| a | 7 |
| b | cbc |
| c | serials |
| d | 3 |
| e | ncip |
| f | 19 |
| g | n-oclcserc |
| 942 ## - ADDED ENTRY ELEMENTS (KOHA) | |
| Source of classification or shelving scheme | Library of Congress Classification |
| Koha item type | Serials |
| Withdrawn status | Lost status | Source of classification or shelving scheme | Damaged status | Not for loan | Home library | Current library | Date acquired | Total Checkouts | Full call number | Barcode | Date last seen | Price effective from | Koha item type |
|---|---|---|---|---|---|---|---|---|---|---|---|---|---|
| Library of Congress Classification | Bishop Okullu Memorial Library (Limuru Campus) | Bishop Okullu Memorial Library (Limuru Campus) | 16/06/2015 | BR1359 .A37 | SER0097 | 16/06/2015 | 16/06/2015 | Serials |